000
00315nam a22001337a 4500
008
190305b xxu||||| |||| 00| 0 eng d
020
_a
9780205410323
041
_a
eng
080
_2
4th
_a
371
100
_a
25
101
_a
EDU
245
_a
Creating Writers through 6-trait Writing
_c
Spandel, V
942
_2
udc
_c
BK
999
_c
54535
_d
54535